000 00772nam a2200277Ia 4500
003 OSt
005 20221006151526.0
006 a|||||r|||| 00| 0
007 ta
008 221006b |||||||| |||| 00| 0 chi d
020 _a9787561903216
024 _a22,439
037 _bGift,
_cTextual
040 _aEASL
_cEASL
_bchi
041 _2chi
_achi
082 _aP41, N3
100 _aQIAN Nai Rong Ed.
_9659453
245 0 _aHangu yuyan xue
_b Learning Chinese language
260 _aBeijing
_bBeijing Language Institute Publication House China
_c1995
300 _a447p.
_ccm.
490 _v CL
650 _a CL
_9642733
650 _aTeaching Chinese
_9652228
942 _hP41, N3
_cTEXL
_2CC
999 _c1090525
_d1090525